000 00936nam a2200277 i 4500
001 bg
003 KOSZ 005
005 20200428091621.0
008 080801s1958 pl a f 000 0 pol
015 _aPB 1958/3062
040 _aWA N
_cKOSZ 005/RW
_dKOSZ 005/RW
080 _a691:624
100 1 _aPogorzelski, Jerzy Andrzej.
_eAutor
245 1 0 _aGazobeton w budownictwie /
_cJerzy Pogorzelski, Leonarg Urban.
260 _aWarszawa :
_bWydawnictwo Arkady,
_c1958.
300 _a223, [1] s. :
_bil. ;
_c21 cm.
380 _aKsiążki.
504 _aBibliogr. s. 5-[6].
521 8 _aDla projektantów i wykonawców.
650 4 _aGazobeton
_xstosowanie.
650 4 _aMateriały budowlane
710 2 _aWydawnictwo "Arkady".
_4pbl.
700 1 _aUrban, Leonard
_eAutor
856 _uhttp://koha.tu.koszalin.pl/cgi-bin/koha/opac-detail.pl?biblionumber=10806
_yKatalog online BPK
942 _2UKD
_cKS
999 _c10806
_d10806